The Twelve Tasks of Asterix - Statistics

General Stats
  • This quiz has been taken 6 times
  • The average score is 6 of 13
Answer Stats
Hint Answer % Correct
Throw a _______ further than Verses the Persian. Javelin
83%
___ ______ than Asbestos, Olympic Champion. Run faster
83%
Defeat Cilindric the German in ______. Combat
67%
Finish a ____ by Mannekenpix the Belgian. Meal
67%
____ a ________ and answer the Old Man's ______ correctly. Riddle
67%
Survive the _________ in Rome. Colosseum
50%
Obtain Permit A38 in the _____ ____ _____ ___ ___. Place That Sends You Mad
50%
Cross a ravine on an invisible _________ over a crocodile-infested river. Tightrope
50%
Cross the lake on which the ____ __ ________ is located. Isle of Pleasure
33%
Survive the ____ of the _____. Cave of the Beast
17%
____ a ________ and answer the Old Man's ______ correctly. Climb a mountain
17%
Spend a night on the haunted Plain of ________ _______. Departed Spirits
17%
Survive the ________ treatment of Iris the Egyptian. Hypnosis
17%
No matching quizzes found
Score Distribution
Percent of People with Each Score
Percentile by Number Answered
Your Score History
You have not taken this quiz